Становлення та розвиток системи міського самоврядування в місті Старокостянтинові (Запис № 574377)

МАРК-запис
000 -Лідер
fixed length control field 01045nam a2200217 4500
001 - Контрольний номер
control field 216223784
003 - Ідентифікатор контрольного номера
control field UA-OsUOA
005 - Дата та час останнього входження (трансакції)
control field 20230606115551.0
008 - Елементи даних фіксованої довжини – загальна інформація
fixed length control field 230606b un ||||| |||| 00| 0 ukr d
040 ## - Джерело каталогізації
Агенція оригінальної каталогізації UA-OsUOA
Мова каталогізації ukr
Агенція, яка здійснювала перезапис UA-OsUOA
Агенція, яка здійснювала модифікацію UA-OsUOA
041 ## - Код мови
Код мови тексту/ звукової доріжки чи окремого заголовка (П) ukr
080 ## - Індекс Універсальної десяткової класифікації
Індекс Універсальної десяткової класифікації (УДК) (НП) 908
090 ## - Локальний шифр розміщення
Класифікаційний індекс УДК 908
100 ## - Основне введення – ім’я особи
Ім’я особи (НП) Муляр В. І.
245 ## - Відомості про назву
Назва (НП) Становлення та розвиток системи міського самоврядування в місті Старокостянтинові
Дані про відповідальність (НП) В. І. Муляр, Н. І. Стрельбіцька, О. О. Журавльова
300 ## - Фізичний опис
Обсяг С.116-123
650 ## - Додаткове предметне введення – тематичний термін
Джерело заголовка чи терміна UDC
700 1# - Додаткове введення – ім'я особи
Ім’я особи (НП) Стрельбіцька Н. І., Журавльова О. О.
773 0# - Введення хост-одиниці (П)
Бібліонома 573672
Host Itemnumber 468397
Заголовок основного введення Старокостянтинівська міська рада
Місце, видавець та дата видання (НП) Старокостянтинів Бицик Ю. В. 2017
Інший ідентифікатор одиниці опису 165432
Назва (НП) Князі Острозькі в історії Центрально-Східної Європи: минуле і сучасність
Міжнародний стандартний книжковий номер (ISBN) 9786177094643
942 ## - Додаткові елементи входу (Коха)
Source of classification or shelving scheme Universal Decimal Classification
Тип елемента Koha Складова частина документа

Немає доступних примірників.